Minnesota Timberwolves 40 Point Games - Statistics

General Stats
  • This quiz has been taken 286 times
    12 since last reset
  • The average score is 5 of 18
Answer Stats
Player Max Nb % Correct
Anthony Edwards 55 29
100%
Karl-Anthony Towns 62 13
100%
Kevin Garnett 47 4
100%
Julius Randle 41 1
75%
Andrew Wiggins 47 8
50%
Kevin Love 51 10
50%
Derrick Rose 50 1
25%
Zach LaVine 40 1
17%
Corey Brewer 51 1
8%
Randy Breuer 40 1
8%
Wally Szczerbiak 44 1
8%
Al Jefferson 40 2
0%
Isaiah Rider 42 2
0%
Michael Beasley 42 1
0%
Mo Williams 52 1
0%
Ricky Davis 42 1
0%
Stephon Marbury 40 1
0%
Tony Campbell 44 1
0%
No matching quizzes found
Score Distribution
Percent of People with Each Score
Percentile by Number Answered
Your Score History
You have not taken this quiz since the last reset